000 00520nam a2200193Ia 4500
008 180523s9999 xx 000 0 und d
020 _a978-0-470-82432-0
050 _aMAIN TX 910.A78
050 _b.S77 2010
245 0 _aStrategic hospitality leadership :
245 4 _bthe Asian initiative /
245 0 _cedited by Russell Arthur Smith, Judy Siguaw.
260 _aSingapore :
260 _bJohn Wiley & Sons,
260 _c2010
300 _a243 pages :
300 _c23 cm.
500 _aIncludes index.
999 _c357737
_d357737